FINANCIAL ACCOUNTING / (Record no. 178198)
[ view plain ]
| 000 -LEADER | |
|---|---|
| fixed length control field | 00506nam a22001817a 4500 |
| 005 - DATE AND TIME OF LATEST TRANSACTION | |
| control field | 20210322124813.0 |
| 010 ## - LCCN (DPL NO) | |
| LC control number | ENG- 129258 |
| 020 ## - INTERNATIONAL STANDARD BOOK NUMBER | |
| Terms of availability | 999.00 |
| International Standard Book Number | 9789390380916 |
| 035 ## - SYSTEM CONTROL NUMBER | |
| System control number | EN- 112790 |
| 037 ## - SOURCE OF ACQUISITION | |
| Source of stock number/acquisition | DBAD/PUB |
| 082 ## - DEWEY DECIMAL CLASSIFICATION NUMBER | |
| Classification number | 657.48 |
| 100 ## - MAIN ENTRY--PERSONAL NAME | |
| Personal name | KAKU, ANAND V |
| 245 ## - TITLE STATEMENT | |
| Title | FINANCIAL ACCOUNTING / |
| Statement of responsibility, etc | ANAND V KAKU |
| 260 ## - PUBLICATION, DISTRIBUTION, ETC. (IMPRINT) | |
| Name of publisher, distributor, etc | BLUEROSE PUBLISHERS |
| Date of publication, distribution, etc | 2020 |
| 270 ## - ADDRESS | |
| Telephone number | +91-8882898898 |
| Electronic mail address | info@bluerosepublishers.com |
| 300 ## - PHYSICAL DESCRIPTION | |
| Extent | P. 13.43 |
| Dimensions | 27CM(PBK) |
| 942 ## - ADDED ENTRY ELEMENTS (KOHA) | |
| Source of classification or shelving scheme | Dewey Decimal Classification |
| Item type | English Books |
| Call number suffix | KAK |
| Classification part | 657.48 |
| Withdrawn status | Lost status | Not for loan | Collection code | Home library | Current library | Date acquired | Source of acquisition | Cost, normal purchase price | Full call number | Barcode | Copy number | Cost, replacement price | Koha item type |
|---|---|---|---|---|---|---|---|---|---|---|---|---|---|
| Non-fiction | Shahdara Branch | Shahdara Branch | 22/03/2021 | DBAD/PUB | 999.00 | 657.48 KAK | EN-112790 | 1 | 999.00 | English Books |
